¿Cooperacion o conflicto? Relaciones Centroaméricana-Estados Unidos en los noventa
Uloženo v:
| Médium: | Text |
|---|---|
| Jazyk: | Spanish |
| Tagy: |
Přidat tag
Žádné tagy, Buďte první, kdo vytvoří štítek k tomuto záznamu!
|
MARC
| LEADER | 00000 a a2200000 04500 | ||
|---|---|---|---|
| 001 | 1395 | ||
| 003 | cru CIDCACS/IIS | ||
| 005 | 20230828123832.0 | ||
| 008 | 210521b |||||||| |||| 00| 0 spa d | ||
| 040 | |c CRAI-IIS | ||
| 245 | |a ¿Cooperacion o conflicto? Relaciones Centroaméricana-Estados Unidos en los noventa | ||
| 500 | 0 | |a Colección Centroamerica | |
| 650 | 0 | 7 | |0 TESAUROS |
| 773 | |g número 66; páginas 8-9 | ||
| 942 | |2 ddc |c PP | ||
| 999 | |c 31677 |d 31677 | ||
| 773 | 0 | |0 41842 |9 7391 |d San José, Costa Rica: Editorial Aportes para la Educación, |o 06122 |t Aportes / |x sin ISSN | |
